01298cam a2200241 a 45000010009000000050017000090080041000260100017000670200018000840400013001020420010001150430012001250500020001372450149001572600044003063000032003505040041003825050530004236510023009536510038009767000018010147000024010321516251320210414113913.0080131s2007 gh a b 000 0 eng  a 2008349025 a9789988647612 aDLCcDLC alcode af-gh---00aHB3666.8.A3P67300aPopulation, health and development in Ghana :battaining the millenium [sic] development goals /cedited by Chuks J. Mba and Stephen O. Kwankye. aAccra :bSub-Saharan Publishers,c2007. axvi, 188 p. bill. c24 cm. aIncludes bibliographical references. aContents: Introduction -- Fertility decline in Ghana: Implications for public policy -- Infant and child health: Evidence from 2003 Ghana demographic and health survey -- Adolescent sexuality and reproductive health in Ghana: Some results from a survey of Cape Coast and Mankrong -- Population growth, water/sanitation and health -- HIV/AIDS and survival challenges in sub-saharan African: An illustration with Ghana and South Africa -- Women's employment and health in Ghana -- Population and health in Ghana -- Conclusion. 0aGhanaxPopulation. 0aGhanaxEconomic conditionsy1979-1 aMba, Chuks J.1 aKwankye, Stephen O.